000 00407nam a22001697a 4500
005 20160611104209.0
008 160611b xxu||||| |||| 00| 0 eng d
020 _a9780070435773
041 _aeng
082 _b6792
100 _aMonippally, Mathbukutty M
_91683
245 _aBusiness Communication Stratagics
260 _aNew Delhi
_bTMH
300 _a258
650 _aManagement
_9241
942 _cBK
999 _c2374
_d2373